000 00408nam a2200169Ia 4500
005 20250508153616.0
008 008 250505s9999 xx 000 0 eng d
037 _aPeriodicals
040 _aFEDL
_beng
_cFEDL
041 _aeng
_2eng
084 _qFEDL
100 _aMcCaughey Davis Ed.
_9764176
245 0 _aStudent movement. 1950-51
300 _a56p.
942 _cCR
999 _c1344394
_d1344394